000
00297nam a22001337a 4500
008
170309b xxu||||| |||| 00| 0 eng d
020
_a
9781593771843
041
_a
eng
080
_a
611
100
_a
6
101
_a
SHM
245
_a
CARDIOPULMONARY PHYSIOLOGY
_c
RICHARDSON.D.R
942
_2
udc
_c
BK
999
_c
7318
_d
7318